[Event "Moscow Aeroflot op-A"]
[Site "Moscow"]
[Date "2024.03.07"]
[Round "9"]
[White "Zubritskiy, Artyom"]
[Black "Sapenov, Daniyal"]
[Result "0-1"]
[WhiteElo "2468"]
[BlackElo "2340"]
[PlyCount "78"]
[EventDate "2024.03.03"]
[EventType "swiss"]
[EventRounds "9"]
[EventCountry "RUS"]
[SourceTitle "CB11_2024"]
[SourceDate "2024.03.13"]
[SourceVersion "1"]
[SourceVersionDate "2024.03.13"]
[SourceQuality "1"]

1. d4 Nf6 2. c4 e6 3. g3 d5 4. Nf3 Be7 5. Bg2 0-0 6. 0-0 c6 7. Qc2 b6 8. Rd1 Bb7 9. Nc3 Nbd7 10. Bf4 Nh5 11. Bd2 Nhf6 12. e4 dxc4 13. e5 Nd5 14. Ne4 h6 15. Qxc4 c5 16. dxc5 bxc5 17. Nc3 Nxc3 18. Bxc3 Qc7 19. Qg4 Rad8 20. Re1 Nb6 21. Rac1 Qc6 22. Nh4 Qc7 23. Nf3 Rd3 24. Nd2 Bxg2 25. Kxg2 Bg5 26. Rc2 Bxd2 27. Bxd2 Kh8 28. Qh5 Rfd8 29. Bf4 Kg8 30. Rec1 Qb7+ 31. Kg1 Nd5 32. Rxc5 Qxb2 33. R5c2 Qb7 34. Bxh6 gxh6 35. Rc4 Ne7 36. h4 Ng6 37. Qg4 Qf3 38. Qxf3 Rxf3 39. Ra4 Rd2 0-1

[Event "RUS-chT Rapid"]
[Site "Sochi"]
[Date "2023.10.18"]
[Round "5.24"]
[White "Zakhartsov, Vladimir"]
[Black "Zubritskiy, Artyom"]
[Result "0-1"]
[WhiteElo "2523"]
[BlackElo "2468"]
[PlyCount "90"]
[EventDate "2023.10.18"]
[EventType "team-swiss (rapid)"]
[EventRounds "9"]
[EventCountry "RUS"]
[SourceTitle "Mega2024 Update 01"]
[Source "Chessbase"]
[SourceDate "2023.11.12"]
[SourceVersion "1"]
[SourceVersionDate "2023.11.12"]
[SourceQuality "1"]
[WhiteTeam "Moscow MGFSO"]
[BlackTeam "St Petersburg SShOR"]
[WhiteTeamCountry "RUS"]
[BlackTeamCountry "RUS"]

1. Nf3 Nf6 2. d4 d5 3. c4 e6 4. g3 dxc4 5. Bg2 c6 6. Ne5 Bb4+ 7. Nc3 Nd5 8. Bd2 b5 9. 0-0 Bb7 10. Nxd5 Bxd2 11. Nc3 Bxc3 12. bxc3 f6 13. Nf3 Nd7 14. a4 a6 15. Nd2 0-0 16. Qc2 Qc7 17. Rfb1 Nb6 18. Qb2 Rab8 19. a5 Nd7 20. e3 Ba8 21. e4 Rbd8 22. Nf1 c5 23. d5 exd5 24. exd5 Ne5 25. Ne3 Rfe8 26. Rd1 Nd3 27. Qc2 Qe5 28. Bf1 Nxf2 29. Nxc4 bxc4 30. Qxf2 Bxd5 31. Qxc5 Bf7 32. Qxe5 fxe5 33. Kf2 Kf8 34. Ke3 Rxd1 35. Rxd1 Rb8 36. Rd6 Rb3 37. Kd2 Rb2+ 38. Ke3 Rc2 39. Rxa6 Rxc3+ 40. Ke4 Rc1 41. Bh3 Re1+ 42. Kf3 Bd5+ 43. Kf2 Ra1 44. Ke3 c3 45. Bf5 e4 0-1

[Event "RUS-chT Blitz"]
[Site "Sochi"]
[Date "2023.10.17"]
[Round "5.4"]
[White "Matlakov, Maxim"]
[Black "Zubritskiy, Artyom"]
[Result "1/2-1/2"]
[WhiteElo "2674"]
[BlackElo "2468"]
[PlyCount "99"]
[EventDate "2023.10.17"]
[EventType "team-swiss (blitz)"]
[EventRounds "13"]
[EventCountry "RUS"]
[SourceTitle "Mega2024 Update 01"]
[Source "Chessbase"]
[SourceDate "2023.11.12"]
[SourceVersion "1"]
[SourceVersionDate "2023.11.12"]
[SourceQuality "1"]
[WhiteTeam "Moscow Park Tauer"]
[BlackTeam "St Petersburg SShOR"]
[WhiteTeamCountry "RUS"]
[BlackTeamCountry "RUS"]

1. c4 f5 2. g3 Nf6 3. Bg2 e5 4. Nc3 Nc6 5. e3 g6 6. Nge2 Bg7 7. 0-0 0-0 8. Rb1 d6 9. b4 e4 10. d3 exd3 11. Qxd3 Ne5 12. Qd1 c6 13. c5 d5 14. Nd4 Bd7 15. b5 Qe7 16. bxc6 bxc6 17. Qa4 Qxc5 18. Nce2 Nc4 19. Qc2 Ne4 20. Nf4 Qd6 21. Rd1 Rab8 22. Rb3 Rfe8 23. Bf1 Ne5 24. Bg2 Nc4 25. Bf1 Kh8 26. Rxb8 Rxb8 27. Bxc4 dxc4 28. Nde6 Qe7 29. Nxg7 Kxg7 30. Qxc4 Be8 31. Ne6+ Kh6 32. f3 Bf7 33. fxe4 Qxe6 34. Qxe6 Bxe6 35. exf5 Bxa2 36. e4+ Kh5 37. h3 gxf5 38. exf5 Rb1 39. Kf2 a5 40. Ke2 a4 41. Kd2 Bb3 42. Re1 a3 43. Bxa3 Rxe1 44. Kxe1 Kg5 45. g4 h5 46. Bc1+ Kf6 47. Bb2+ Kg5 48. Bc1+ Kf6 49. g5+ Kxf5 50. Kf2 1/2-1/2

[Event "Sochi Pearl Rapid op"]
[Site "Sochi"]
[Date "2023.10.11"]
[Round "11"]
[White "Alekseev, Evgeny V"]
[Black "Zubritskiy, Artyom"]
[Result "1-0"]
[WhiteElo "2573"]
[BlackElo "2468"]
[PlyCount "83"]
[EventDate "2023.10.09"]
[EventType "swiss (rapid)"]
[EventRounds "11"]
[EventCountry "RUS"]
[SourceTitle "Mega2024 Update 01"]
[Source "Chessbase"]
[SourceDate "2023.11.12"]
[SourceVersion "1"]
[SourceVersionDate "2023.11.12"]
[SourceQuality "1"]

1. e4 c5 2. Nf3 d6 3. Bb5+ Bd7 4. c4 Bxb5 5. cxb5 Nf6 6. Nc3 g6 7. d4 cxd4 8. Nxd4 Bg7 9. 0-0 0-0 10. Qe2 Nbd7 11. Rd1 Rc8 12. h3 Rc7 13. a4 Qa8 14. a5 a6 15. b6 Rc5 16. Nb3 Rh5 17. Be3 Ne5 18. Nd5 Qd8 19. Bf4 Nc6 20. Rac1 Qd7 21. Nc5 Qc8 22. Nxb7 Qxb7 23. Rxc6 Nxd5 24. exd5 Rxd5 25. Rc7 Rxd1+ 26. Qxd1 Qe4 27. Be3 d5 28. Bc5 d4 29. Rxe7 Qd5 30. b4 d3 31. Qf3 Qxf3 32. gxf3 Rd8 33. Re1 d2 34. Rd1 Bc3 35. b5 Re8 36. b7 Re1+ 37. Kg2 Rxd1 38. b8Q+ Kg7 39. Qf8+ Kf6 40. Qd6+ Kf5 41. Qd5+ Kf6 42. Bd4+ 1-0

[Event "Sochi Pearl Rapid op"]
[Site "Sochi"]
[Date "2023.10.10"]
[Round "5"]
[White "Savchenko, Boris"]
[Black "Zubritskiy, Artyom"]
[Result "1-0"]
[WhiteElo "2513"]
[BlackElo "2468"]
[PlyCount "87"]
[EventDate "2023.10.09"]
[EventType "swiss (rapid)"]
[EventRounds "11"]
[EventCountry "RUS"]
[SourceTitle "Mega2024 Update 01"]
[Source "Chessbase"]
[SourceDate "2023.11.12"]
[SourceVersion "1"]
[SourceVersionDate "2023.11.12"]
[SourceQuality "1"]

1. d4 Nc6 2. c4 e5 3. d5 Bb4+ 4. Nd2 Nce7 5. e4 Bxd2+ 6. Qxd2 d6 7. Qg5 h6 8. Qxg7 Ng6 9. h4 Nf6 10. h5 Rh7 11. Qxh7 Nxh7 12. hxg6 fxg6 13. Rxh6 Nf8 14. Be3 c6 15. dxc6 bxc6 16. Ne2 Be6 17. Nc3 Qe7 18. Be2 0-0-0 19. b4 Qf7 20. b5 Bxc4 21. bxc6 Bxe2 22. Nxe2 d5 23. Bg5 Rd6 24. exd5 Qxd5 25. Rh8 Qxg2 26. Be7 Rxc6 27. Bxf8 Rc2 28. Ba3+ Kb7 29. Rb1+ Ka6 30. Rh4 e4 31. Rb3 Qg5 32. Rxe4 Qd2+ 33. Kf1 Qd1+ 34. Kg2 Qd5 35. f3 Rc4 36. Nc3 Qd2+ 37. Re2 Qg5+ 38. Kf1 Qf5 39. Ke1 g5 40. Ne4 g4 41. Kf2 Qh5 42. Bd6 gxf3 43. Ra3+ Kb5 44. Rb2+ 1-0

[Event "St Petersburg Korchnoi Memorial op"]
[Site "St Petersburg"]
[Date "2023.08.21"]
[Round "6"]
[White "Fedorov, Alexei"]
[Black "Zubritskiy, Artyom"]
[Result "1/2-1/2"]
[WhiteElo "2437"]
[BlackElo "2459"]
[PlyCount "75"]
[EventDate "2023.08.18"]
[EventType "swiss"]
[EventRounds "9"]
[EventCountry "RUS"]
[SourceTitle "EXT 2024"]
[Source "ChessBase"]
[SourceDate "2023.10.10"]
[SourceVersion "1"]
[SourceVersionDate "2023.10.10"]
[SourceQuality "1"]

1. e4 c5 2. Nc3 d6 3. f4 g6 4. d4 cxd4 5. Qxd4 Nf6 6. Nf3 Nc6 7. Qf2 Bg7 8. Bd3 0-0 9. 0-0 Bg4 10. Be3 Bxf3 11. Qxf3 Rc8 12. Kh1 Nd7 13. Qh3 Na5 14. e5 Nc4 15. Bxc4 Rxc4 16. Rad1 Nb6 17. Bxb6 axb6 18. b3 Rc6 19. Ne4 b5 20. f5 d5 21. e6 h6 22. exf7+ Rxf7 23. Ng3 Qd7 24. Rf3 Rff6 25. c3 Rcd6 26. Rdf1 e5 27. fxe6 Rfxe6 28. Qh4 Re7 29. h3 Rde6 30. Qf4 Kh7 31. Qd2 Qc6 32. Rf7 Qd7 33. Rxe7 Rxe7 34. Ne2 Re4 35. Ng3 Re7 36. Ne2 Re4 37. Ng3 Re7 38. Ne2 1/2-1/2

[Event "Titled Tuesday intern op 25th Jul Early"]
[Site "Chess.com INT"]
[Date "2023.07.25"]
[Round "4"]
[White "Eynullayev, Atilla Elshan"]
[Black "Zubritskiy, Artyom"]
[Result "0-1"]
[WhiteElo "2281"]
[BlackElo "2459"]
[PlyCount "60"]
[EventDate "2023.07.25"]
[EventType "swiss (blitz)"]
[EventRounds "11"]
[EventCountry "USA"]
[SourceTitle "EXT 2024"]
[Source "ChessBase"]
[SourceDate "2023.10.10"]
[SourceVersion "1"]
[SourceVersionDate "2023.10.10"]
[SourceQuality "1"]

1. d4 Nc6 2. Nf3 d6 3. c4 g6 4. g3 Bg7 5. Bg2 f5 6. 0-0 Nf6 7. Nc3 0-0 8. Rb1 e5 9. dxe5 dxe5 10. Nd5 e4 11. Ne1 Be6 12. Bg5 Ne5 13. b3 c6 14. Nxf6+ Bxf6 15. Bxf6 Qxf6 16. Nc2 Rad8 17. Qe1 b6 18. Qb4 c5 19. Qa4 Rd2 20. Ne3 Rxe2 21. Qxa7 f4 22. gxf4 Qxf4 23. Qe7 Bh3 24. Rbd1 Bxg2 25. Kxg2 Nf3 26. Qe6+ Kh8 27. Qh3 Qxe3 28. Rd7 Ne1+ 29. Rxe1 Rfxf2+ 30. Kh1 Rxe1+ 0-1

[Event "Titled Tuesday intern op 25th Jul Early"]
[Site "Chess.com INT"]
[Date "2023.07.25"]
[Round "9"]
[White "Shimanov, Aleksandr"]
[Black "Zubritskiy, Artyom"]
[Result "0-1"]
[WhiteElo "2566"]
[BlackElo "2459"]
[PlyCount "42"]
[EventDate "2023.07.25"]
[EventType "swiss (blitz)"]
[EventRounds "11"]
[EventCountry "USA"]
[SourceTitle "EXT 2024"]
[Source "ChessBase"]
[SourceDate "2023.10.10"]
[SourceVersion "1"]
[SourceVersionDate "2023.10.10"]
[SourceQuality "1"]

1. b3 c5 2. e4 Nc6 3. Bb2 e5 4. Bb5 Nge7 5. Nf3 d6 6. Bc4 h6 7. 0-0 g5 8. d4 cxd4 9. c3 Bg7 10. cxd4 g4 11. Nh4 Nxd4 12. Bxd4 exd4 13. Bb5+ Kf8 14. Nd2 Bf6 15. Nf5 Nxf5 16. exf5 h5 17. Bd3 d5 18. f3 Qd6 19. fxg4 hxg4 20. g3 Bg5 21. Qf3 gxf3 0-1

[Event "Titled Tuesday intern op 25th Jul Early"]
[Site "Chess.com INT"]
[Date "2023.07.25"]
[Round "3"]
[White "Zubritskiy, Artyom"]
[Black "Pranav, V."]
[Result "0-1"]
[WhiteElo "2459"]
[BlackElo "2588"]
[PlyCount "70"]
[EventDate "2023.07.25"]
[EventType "swiss (blitz)"]
[EventRounds "11"]
[EventCountry "USA"]
[SourceTitle "EXT 2024"]
[Source "ChessBase"]
[SourceDate "2023.10.10"]
[SourceVersion "1"]
[SourceVersionDate "2023.10.10"]
[SourceQuality "1"]

1. d4 Nf6 2. c4 e6 3. g3 Bb4+ 4. Bd2 Bxd2+ 5. Qxd2 0-0 6. Bg2 d6 7. Nc3 Nbd7 8. Nf3 e5 9. 0-0 exd4 10. Nxd4 Re8 11. Rad1 a6 12. b3 Nc5 13. Qc2 a5 14. a3 Qe7 15. Ndb5 g6 16. b4 axb4 17. axb4 Bf5 18. Qb2 Nce4 19. Bxe4 Bxe4 20. Nxe4 Nxe4 21. f3 Ng5 22. e4 Ra6 23. h4 Ne6 24. Ra1 c6 25. Rxa6 bxa6 26. Nc3 Nd4 27. Qd2 Qf6 28. Kg2 Rb8 29. Nd1 h5 30. Ne3 Nb3 31. Qe1 Nd4 32. Qc3 Qe5 33. Rc1 Ne2 34. Qxe5 dxe5 35. Rb1 Nd4 0-1

[Event "Titled Tuesday intern op 25th Jul Early"]
[Site "Chess.com INT"]
[Date "2023.07.25"]
[Round "8"]
[White "Zubritskiy, Artyom"]
[Black "Terry, Renato"]
[Result "0-1"]
[WhiteElo "2459"]
[BlackElo "2520"]
[PlyCount "182"]
[EventDate "2023.07.25"]
[EventType "swiss (blitz)"]
[EventRounds "11"]
[EventCountry "USA"]
[SourceTitle "EXT 2024"]
[Source "ChessBase"]
[SourceDate "2023.10.10"]
[SourceVersion "1"]
[SourceVersionDate "2023.10.10"]
[SourceQuality "1"]

1. d4 e6 2. c4 Bb4+ 3. Bd2 Bxd2+ 4. Qxd2 Nf6 5. g3 d6 6. Bg2 0-0 7. Nc3 e5 8. Nf3 Qe7 9. 0-0 Re8 10. e4 Bg4 11. d5 Bxf3 12. Bxf3 a5 13. b3 Na6 14. Rab1 Nc5 15. Rfe1 h6 16. Bd1 Ncd7 17. Bc2 Nf8 18. Nd1 N8h7 19. Kg2 h5 20. h4 g6 21. f3 Nd7 22. Ne3 Kg7 23. a3 Nhf6 24. Ra1 Rh8 25. b4 Ra7 26. Qc3 Rha8 27. Reb1 Kg8 28. Bd3 Qf8 29. Kf2 b6 30. Bc2 Qh6 31. Bd3 Nh7 32. Bc2 Nhf8 33. Rh1 Nh7 34. Rhb1 Nhf6 35. Rh1 Qf8 36. Rhb1 Qd8 37. Bb3 Qc8 38. Nc2 Nf8 39. Kg2 N8d7 40. Kf2 Qb8 41. Kg2 Qf8 42. Qd2 Kh7 43. Ne3 Ng8 44. Qc3 Nh6 45. Bc2 Kg7 46. Re1 Kg8 47. Reb1 f5 48. exf5 gxf5 49. Qe1 Kh8 50. Ba4 Nf6 51. Bc6 Rd8 52. Qd2 Qg7 53. Kh2 f4 54. gxf4 exf4 55. Nf1 axb4 56. axb4 Rxa1 57. Rxa1 Nfg4+ 58. fxg4 Nxg4+ 59. Kh3 Qxa1 60. Qxf4 Qc3+ 61. Ng3 Qf6 62. Nxh5 Qxf4 63. Nxf4 Ne5 64. Ne6 Rg8 65. Nxc7 Nxc4 66. b5 Rg1 67. Ne8 Kg8 68. Nf6+ Kf7 69. Ne4 Ke7 70. h5 Ne5 71. h6 Rh1+ 72. Kg3 Rxh6 73. Kf4 Rh3 74. Ng5 Rb3 75. Ne4 Rb4 76. Ke3 Ng4+ 77. Kd3 Ne5+ 78. Ke3 Ra4 79. Ng5 Ng4+ 80. Kd3 Nf6 81. Ne6 Ra1 82. Nc7 Rd1+ 83. Kc4 Rc1+ 84. Kd4 Rd1+ 85. Kc4 Ra1 86. Na8 Ng4 87. Nxb6 Ne5+ 88. Kd4 Kd8 89. Nc4 Ra4 90. b6 Rxc4+ 91. Ke3 Nxc6 0-1

[Event "RUS-chT 30th"]
[Site "Sochi"]
[Date "2023.05.10"]
[Round "9.4"]
[White "Sjugirov, Sanan"]
[Black "Zubritskiy, Artyom"]
[Result "1/2-1/2"]
[WhiteElo "2712"]
[BlackElo "2438"]
[PlyCount "31"]
[EventDate "2023.05.01"]
[EventType "team-tourn"]
[EventRounds "9"]
[EventCountry "RUS"]
[SourceTitle "EXT 2024"]
[Source "ChessBase"]
[SourceDate "2023.10.10"]
[SourceVersion "1"]
[SourceVersionDate "2023.10.10"]
[SourceQuality "1"]
[WhiteTeam "Moscow Region"]
[BlackTeam "St Petersburg SSHOR"]
[WhiteTeamCountry "RUS"]
[BlackTeamCountry "RUS"]

1. e4 c5 2. Nc3 d6 3. d4 cxd4 4. Qxd4 Nc6 5. Qd2 g6 6. b3 Bh6 7. f4 Nf6 8. Bb2 0-0 9. 0-0-0 e5 10. g3 Be6 11. Kb1 a5 12. a4 Rc8 13. Bh3 Nb4 14. Qg2 Ng4 15. Qe2 Qd7 16. fxe5 1/2-1/2

[Event "RUS-chT 30th"]
[Site "Sochi"]
[Date "2023.05.07"]
[Round "6.4"]
[White "Zubritskiy, Artyom"]
[Black "Sviridov, Valery"]
[Result "1/2-1/2"]
[WhiteElo "2438"]
[BlackElo "2545"]
[PlyCount "59"]
[EventDate "2023.05.01"]
[EventType "team-tourn"]
[EventRounds "9"]
[EventCountry "RUS"]
[SourceTitle "CBM 214 Extra"]
[Source "ChessBase"]
[SourceDate "2023.07.31"]
[SourceVersion "1"]
[SourceVersionDate "2023.07.31"]
[SourceQuality "1"]
[WhiteTeam "St Petersburg SSHOR"]
[BlackTeam "Moscow Botvinnik School"]
[WhiteTeamCountry "RUS"]
[BlackTeamCountry "RUS"]

1. d4 Nf6 2. c4 e5 3. dxe5 Ng4 4. Nf3 Bc5 5. e3 Nc6 6. Nc3 Ngxe5 7. Nxe5 Nxe5 8. f4 Nc6 9. Bd3 d6 10. 0-0 0-0 11. Kh1 f5 12. a3 a5 13. Bd2 Be6 14. Qc2 Qd7 15. Rad1 Kh8 16. Rf3 Qf7 17. Nd5 b5 18. Rg3 bxc4 19. Bxc4 Bxd5 20. Bxd5 Qxd5 21. Bc3 Qf7 22. Bxg7+ Qxg7 23. Rxg7 Kxg7 24. g4 fxg4 25. Qe4 Na7 26. Qe7+ Rf7 27. Qe6 Rf6 28. Qe7+ Rf7 29. Qe6 Rf6 30. Qe7+ 1/2-1/2

[Event "RUS-chT 30th"]
[Site "Sochi"]
[Date "2023.05.05"]
[Round "5.2"]
[White "Grebnev, Aleksey"]
[Black "Zubritskiy, Artyom"]
[Result "1/2-1/2"]
[WhiteElo "2483"]
[BlackElo "2438"]
[PlyCount "41"]
[EventDate "2023.05.01"]
[EventType "team-tourn"]
[EventRounds "9"]
[EventCountry "RUS"]
[SourceTitle "CBM 214 Extra"]
[Source "ChessBase"]
[SourceDate "2023.07.31"]
[SourceVersion "1"]
[SourceVersionDate "2023.07.31"]
[SourceQuality "1"]
[WhiteTeam "Moscow Russian ChSchool"]
[BlackTeam "St Petersburg SSHOR"]
[WhiteTeamCountry "RUS"]
[BlackTeamCountry "RUS"]

1. e4 c5 2. Nf3 Nf6 3. e5 Nd5 4. Nc3 Nxc3 5. dxc3 Nc6 6. Bf4 Qb6 7. b3 Qc7 8. Qe2 e6 9. 0-0-0 a6 10. Kb1 b5 11. Qd2 c4 12. Bg3 h6 13. Qe1 Bb7 14. Nd2 Ne7 15. f3 Nd5 16. Ne4 Be7 17. Rd4 Qa5 18. Qd2 0-0 19. bxc4 bxc4 20. Bxc4 Rfc8 21. Bb3 1/2-1/2

[Event "Titled Tuesday intern op 28th Mar Early"]
[Site "Chess.com INT"]
[Date "2023.03.28"]
[Round "9"]
[White "Pein, Jonathan"]
[Black "Zubritskiy, Artyom"]
[Result "0-1"]
[WhiteElo "2301"]
[BlackElo "2438"]
[PlyCount "70"]
[EventDate "2023.03.28"]
[EventType "swiss (blitz)"]
[EventRounds "11"]
[EventCountry "USA"]
[SourceTitle "EXT 2024"]
[Source "ChessBase"]
[SourceDate "2023.10.10"]
[SourceVersion "1"]
[SourceVersionDate "2023.10.10"]
[SourceQuality "1"]

1. e4 c5 2. Nf3 Nf6 3. d3 Nc6 4. g3 d5 5. exd5 Nxd5 6. Bg2 g6 7. 0-0 Bg7 8. c3 0-0 9. Nbd2 b6 10. Re1 Bb7 11. Nc4 Qc7 12. Qc2 Rad8 13. a4 a6 14. Ne3 Nf6 15. Nc4 Nd5 16. Ne3 Nxe3 17. Bxe3 e5 18. Bd2 h6 19. h4 Kh7 20. Rac1 Qd7 21. Qb3 Qc7 22. Qc2 Qd6 23. h5 Qxd3 24. Qb3 Na5 25. Qxb6 Bxf3 26. hxg6+ fxg6 27. Be3 Nc4 28. Qxc5 Bxg2 29. Kxg2 Nxb2 30. Rh1 Qe4+ 31. Kg1 Nd3 32. Qc7 Nxc1 33. Rxh6+ Kg8 34. Rh4 Rd1+ 35. Kh2 Rh1# 0-1